Click the Megacity by Country Map - Statistics

General Stats
  • This quiz has been taken 28 times
  • The average score is 31 of 45
Answer Stats
Hint Answer % Correct
Moscow
92%
Paris
92%
Buenos Aires
88%
Johannesburg
88%
London
88%
Los Angeles
88%
Mexico City
88%
Seoul
88%
Tehran
88%
Bangkok
83%
Delhi
83%
Jakarta
83%
Manila
83%
Mumbai
83%
New York City
83%
Beijing
79%
Bogota
79%
Cairo
79%
Dhaka
79%
Ho Chi Minh City
79%
Istanbul
79%
Kinshasa
79%
Lima
79%
Kolkata
75%
Lagos
75%
Lahore
75%
Osaka
75%
Rio de Janeiro
75%
Tokyo
71%
Guangzhou
67%
Sao Paulo
67%
Karachi
63%
Shanghai
63%
Bangalore
58%
Chennai
58%
Hyderabad
58%
Chengdu
46%
Nagoya
46%
Wuhan
42%
Tianijn
38%
Xi'an
38%
Chongqing
29%
Hangzhou
25%
Changsha
21%
Xiamen
17%
No matching quizzes found
Score Distribution
Percent of People with Each Score
Percentile by Number Answered
Your Score History
You have not taken this quiz